00868 2200325 4500001002100000005001500021035002000036007000300056040001700059100003300076245004800109250001000157300003200167020001800199041000800217082001000225084001600235090002200251264004100273336002100314337003000335338002300365650001000388850001000398008004100408500002700449990002200476990002200498990002200520INLIS00000000000954420260420082000 a0010-1222000149ta aSBPUPADbind0 aRatu Sri HastutieePengarang1 aTeknik Dasar Sulam Dua /cRatu Sri Hastutie aCet.2 aiv,66 Hlm :bilus. ;c23 cm a979-3842-14-80 aind a745.5 a745.5 RAT t a745.5 EVI a T15-4 aSurabaya :bTrubus Agrisarana,c2005 2rdacontentateks 2rdamediaatanpa perantara 2rdacarrieravolume 4aSulam aPUPAD260420 0  aProfile Penulis,Hlm 66 a3775/B/ARPUS/2008 a3777/B/ARPUS/2008 a3776/B/ARPUS/2008